| 000 | 00994nam0a2200313 4500 | ||
|---|---|---|---|
| 001 | RU\NLR\bibl\114430 | ||
| 005 | 20250617093713.0 | ||
| 010 |
_a5-88195-343-6 _9500 |
||
| 021 |
_aRU _b2000-24014 _91141 |
||
| 035 | _a(NLR Aleph) 000112036 | ||
| 090 |
_a635819 _c635819 |
||
| 100 | _a20001024d1999 |||y0rusy50 ca | ||
| 101 | 0 | _arus | |
| 102 | _aRU | ||
| 105 | _ay ||||||||| | ||
| 200 | 1 |
_aЗемельная аренда: реальность перспектив _fР.Т. Жиругов |
|
| 210 |
_aНальчик _cЭль-Фа _d1999 |
||
| 215 |
_a156, [2] с. _d21 |
||
| 320 | _aБиблиогр. в конце кн. | ||
| 606 | 0 |
_aЗемельная аренда _9993758 _3RU\NLR\auth\6657948 |
|
| 686 | _aУ32(2)-511 | ||
| 686 | _aУ32(4/8)-511 | ||
| 700 | 1 |
_aЖиругов _bР. Т. _gРадий Тембулатович _4070 |
|
| 801 | 0 |
_aRU _bNLR _c20001024 _gPSBO |
|
| 801 | 1 |
_aRU _bNLR _c20001024 |
|
| 852 |
_aNLR _j2000-3/12398 |
||
| 942 | _cBOOK | ||
| 980 | _aNB | ||